| 000 | 00940nam0a2200289 4500 | ||
|---|---|---|---|
| 001 | RU\NLR\bibl\14526 | ||
| 005 | 20260406132505.0 | ||
| 010 |
_a5-89178-062-1 _925000 |
||
| 021 |
_aRU _b98-36709 _91755 |
||
| 035 | _a(NLR Aleph) 000014178 | ||
| 090 |
_a56499 _c56499 |
||
| 100 | _a19990301d1998 |||y0rusy50 ca | ||
| 101 | 0 | _arus | |
| 102 | _aRU | ||
| 105 | _a||||||||||||| | ||
| 200 | 1 |
_aБратва. Долг кровью красен _fЕвгений Монах |
|
| 210 |
_aЕкатеринбург _cУ-Фактория _d1998 |
||
| 215 |
_a479 с. _cпортр. _d21 |
||
| 517 | 0 | _aДолг кровью красен | |
| 686 | _aШ6(2=Р)75-446 | ||
| 700 | 1 |
_4070 _8rus _7ca _aМонах _bЕ. М. _gЕвгений Михайлович _3RU\NLR\auth\771902 _9111919 |
|
| 801 | 0 |
_aRU _bNLR _c19990301 _gPSBO |
|
| 801 | 1 |
_aRU _bNLR _c19990301 |
|
| 852 |
_aNLR _j98-3/9962 |
||
| 942 | _cBOOK | ||
| 980 | _aNB | ||